| 000 | 00797nam a22002177a 4500 | ||
|---|---|---|---|
| 999 |
_c35045 _d35045 |
||
| 005 | 20230605171442.0 | ||
| 008 | 091211t xxu||||| |||| 00| j hin d | ||
| 010 | _aHIN-89218 HIN-125110 | ||
| 020 |
_a8190361627 _c360.00 |
||
| 035 | _aHN-61564 HN-97456 | ||
| 037 | _bDBAD / PUB | ||
| 040 |
_aDPL _bHN |
||
| 082 | _a425 | ||
| 100 |
_aकामताप्रसाद गुरू _916020 |
||
| 245 |
_aहिंदी व्याकरण / _cकामताप्रसाद गुरू |
||
| 246 |
_aHindi vyakran/ _bby Kamataprasad Guru |
||
| 260 |
_aजयपुर _bगोविन्द प्रकाशन _c2009 |
||
| 270 |
_aचौड़ा रास्ता _bजयपुर |
||
| 300 |
_a262पृ _c22सेमी (अजिल्द) |
||
| 942 |
_2ddc _cCH _mकामता |
||